| 000 | 01026nam a2200289 4500 | ||
|---|---|---|---|
| 999 |
_c9454 _d9454 |
||
| 001 | 9454 | ||
| 003 | BD-JhCC | ||
| 005 | 20180314164132.0 | ||
| 008 | 741003s1973 bg b 001 0 eng | ||
| 035 | _a(BD-JhCC)9454 | ||
| 040 |
_aDLC _cDLC _dDLC _dBD-JhCC |
||
| 041 | _aeng | ||
| 050 | 0 | 0 |
_aJS7100.2 _b.A83 |
| 082 | 0 | 0 |
_a352.0549 _bABE 1973 |
| 100 | 1 | _aAbedin, Najmul. | |
| 245 | 1 | 0 | _aLocal administration and politics in modernising societies: Bangladesh and Pakistan. |
| 260 |
_aDacca, _bNational Institute of Public Administration; distributor: Oxford University Press _c[1973] |
||
| 300 |
_axxvi, 458 p. _c22 cm. |
||
| 350 | _a$4.00 (U.S.) | ||
| 500 | _aA revised and updated ed. of the author's thesis entitled The working of district administration in Pakistan: 1947-1964, submitted to the University of Durham in 1969. | ||
| 500 | _aVita. | ||
| 504 | _aBibliography: p. [426]-453. | ||
| 650 | 0 |
_aLocal government _zBangladesh. |
|
| 650 | 0 |
_aLocal government _zPakistan. |
|
| 942 |
_2ddc _cBK |
||